00546nam a2200193 i 4500001000300000100002900003245006600032260003600098300003400134500001700168504002500185040000800210041000800218080001200226942000700238008004100245999001700286952004900303bg1 aFISKUL', V[iktor] I[lic] 0aVvedenie v fiziku poluprovodnikov /cV[iktor] I[lic] Fiskul'. aMoskva :bVyssaja Skola,c1975. as. 295, nlb. 1 :brys., tabl. a[Alf. ros.]. a[Zawiera bibliogr.]. cBPK apol a537.311 cKS s pl f |000 0 pol  c16269d16269 00104070aBPKbBPKcwo19900p01708257yKS